00529 2200193 4500245004400000020002200044250001100066100002300077700002100100700001700121650004300138005001900181260004000200041001400240084000800254300002400262500004000286336000900326 aLibri di LucacBirkegaard, MikkelhText a978-979-024-178-7 aCet. 2 aBirkegaard, Mikkel aM. Sidik Nugraha aFahmy Yamani aNovel Inggris (dalam Bahasa Indonesia) a20230213145427 aJakartabSerambi Ilmu Semestac2009 aIndonesia a823 a588 hlm. :c23 hlm. aJudul asli : The Library of Shadows atext